All modern day countries that the Roman Empire had land in. - Statistics

General Stats
  • This quiz has been taken 55 times
    36 since last reset
  • The average score is 37 of 46
Answer Stats
Answer % Correct
Germany
96%
Portugal
96%
Spain
96%
UK
96%
France
92%
Italy
92%
Turkey
92%
Austria
88%
Egypt
88%
Greece
88%
Iraq
85%
Israel
85%
Luxembourg
85%
Russia
85%
San Marino
85%
Switzerland
85%
Ukraine
85%
Vatican City
85%
Algeria
81%
Hungary
81%
Libya
81%
Morocco
81%
North Macedonia
81%
Romania
81%
Tunisia
81%
Albania
77%
Bosnia and Herzegovina
77%
Croatia
77%
Croatia
77%
Lebanon
77%
Monaco
77%
Slovenia
77%
Syria
77%
Andorra
73%
Bulgaria
73%
Georgia
73%
Iran
73%
Malta
73%
Serbia
73%
Jordan
69%
Saudi Arabia
69%
Armenia
65%
Azerbaijan
65%
Cyprus
65%
Montenegro
62%
Liechtenstein
58%
No matching quizzes found
Score Distribution
Percent of People with Each Score
Percentile by Number Answered
Your Score History
You have not taken this quiz since the last reset